Statistics for Prince Singles

Click here to take the quiz!

General Stats

  • This quiz has been taken 23 times
  • The average score is 10 of 16

Answer Stats

Year Chart(s) Single % Correct
NLD'{Purple} Rain'
89%
1982US Dance'1999'
83%
1984US, US R&B, US Dance, AUS, CAN'When {Doves} {Cry}'
83%
US, US R&B, US Dance'Let's {Go} {Crazy}'
78%
1986US, US R&B, US Dance'Kiss'
67%
US R&B'{Diamonds} and Pearls'
67%
1987US R&B'{Sign} o' the {Times}'
61%
1989US, US R&B, US Dance, CAN, NOR, SWI, NZ'{Bat}dance'
61%
US'Cream'
61%
1994AUS, NLD, SWI, UK, NZ'The Most {Beautiful} {Girl} in the {World}'
61%
1990US R&B'{Thieves} in the {Temple}'
56%
1979US R&B'I Wanna Be {Your} {Lover}'
50%
1991US Dance'Get {Off}'
50%
1988NOR, NZ'{Alphabet} Street'
44%
1981US Dance'Controversy'
39%
US Dance'Let's {Work}'
33%

Score Distribution

Percentile by Number Answered

Percent of People with Each Score

Your Score History

You have not taken this quiz